Letters in the Alphabet - Statistics

General Stats
  • This quiz has been taken 57 times
  • The average score is 22 of 26
Answer Stats
Letters % Correct
A
100%
B
96%
C
92%
D
92%
E
92%
F
92%
H
92%
I
92%
G
88%
J
88%
L
88%
P
88%
K
85%
M
85%
N
85%
O
85%
Q
85%
R
85%
S
81%
T
81%
W
81%
U
77%
V
77%
X
77%
Y
77%
Z
77%
No matching quizzes found
Score Distribution
Percent of People with Each Score
Percentile by Number Answered
Your Score History
You have not taken this quiz